000 00629nam a2200217 a 4500
005 20140310183332.0
008 060824s19uu xx 00 eng d
020 _a0273683675
050 _aHD 9980.5
_b.J647 2005
100 _aJohnston, Robert
245 _aService operations management :
_bimproving service delivery /
_cRobert Johnston
250 _a2nd ed.
260 _aEngland :
_bPrentice Hall,
_c2005.
300 _a496 p. :
_bcol. ill. ;
_c25 cm.
500 _aInclude index
521 _aBSBA
650 _aService industries
_xmanagement.
700 _aClark, Graham
942 _cBK
_2lcc
_kFOR
999 _c21597
_d21597